[Event "Budapest Spring op (Women)"]
[Site "Budapest"]
[Date "2015.04.11"]
[Round "5"]
[White "Palocz, Katalin"]
[Black "Jurak, Miklosne"]
[Result "1/2-1/2"]
[WhiteElo "1366"]
[BlackElo "1654"]
[PlyCount "91"]
[EventDate "2015.04.07"]
[EventType "swiss"]
[EventRounds "9"]
[EventCountry "HUN"]
[SourceTitle "CBM 166 Extra"]
[Source "ChessBase"]
[SourceDate "2015.06.18"]
[SourceVersion "1"]
[SourceVersionDate "2015.06.18"]
[SourceQuality "1"]

1. e4 c6 2. d4 d5 3. exd5 cxd5 4. Bd3 Nf6 5. h3 Nc6 6. c3 e5 7. dxe5 Nxe5 8. Nf3 Nxd3+ 9. Qxd3 Be7 10. 0-0 0-0 11. Bf4 Nh5 12. Be3 b6 13. Re1 Be6 14. Nbd2 h6 15. Rac1 Bc5 16. Nd4 Qf6 17. N2f3 Nf4 18. Bxf4 Qxf4 19. Qe3 Qf6 20. Qe5 Bxd4 21. Nxd4 Qxe5 22. Rxe5 Rfe8 23. Rce1 Rad8 24. Nxe6 fxe6 25. Rxe6 Rxe6 26. Rxe6 Kf7 27. Re1 Rd6 28. Kf1 a5 29. Ke2 Re6+ 30. Kd2 b5 31. Re3 g5 32. Kd3 Rf6 33. Re2 Rf4 34. g3 Rf6 35. Kd4 Re6 36. Rd2 Ke7 37. Kc5 b4 38. cxb4 axb4 39. Kxb4 Kd6 40. a4 Re4+ 41. Kb3 Kc5 42. Rc2+ Kb6 43. Rd2 Kc5 44. Rc2+ Kb6 45. Rd2 Kc5 46. Rc2+ 1/2-1/2

[Event "Budapest Art Pub Cup 2nd"]
[Site "Budapest"]
[Date "2013.08.10"]
[Round "3"]
[White "Palocz, Katalin"]
[Black "Kovacs, Gabor Etele"]
[Result "0-1"]
[WhiteElo "1359"]
[BlackElo "1571"]
[PlyCount "84"]
[EventDate "2013.08.09"]
[EventType "swiss"]
[EventRounds "6"]
[EventCountry "HUN"]
[SourceTitle "CBM 156 Extra"]
[Source "ChessBase"]
[SourceDate "2013.10.22"]
[SourceVersion "1"]
[SourceVersionDate "2013.10.22"]
[SourceQuality "1"]

1. e4 e6 2. d4 d5 3. exd5 exd5 4. Nf3 Bd6 5. Nc3 c6 6. Be2 Nf6 7. 0-0 0-0 8. Bg5 Bg4 9. Re1 Nbd7 10. a4 Qc7 11. g3 Rfe8 12. Qd2 Qb6 13. Rab1 Ne4 14. Nxe4 dxe4 15. Nh4 Bxe2 16. Rxe2 f6 17. Be3 Rad8 18. c4 Qb3 19. c5 Bc7 20. Qc2 Qxc2 21. Rxc2 Nf8 22. b4 Ne6 23. Rd1 a6 24. Rcd2 Rd5 25. Ng2 g5 26. Rb2 Red8 27. Rbd2 f5 28. Rb2 f4 29. gxf4 gxf4 30. Bc1 Rxd4 31. Rbd2 f3 32. Rxd4 Rxd4 33. Ne3 Rxb4 34. Nf5 Rb1 35. Ne7+ Kf7 36. Nf5 Nf4 37. Nd6+ Kg6 38. Nxe4 Ne2+ 39. Kf1 Rxc1 40. Rxc1 Nxc1 41. h3 Nd3 42. Nd2 Nxc5 0-1